| 000 | 01338nam a2200301Ia 4500 | ||
|---|---|---|---|
| 003 | OSt | ||
| 005 | 20231220191835.0 | ||
| 008 | 191128n9999 sp a br 000 j spa d | ||
| 020 | _a9789583004582 | ||
| 037 | _3Donación | ||
| 040 |
_aCO-JMCR _cCO-JMCR _dCO-JMCR _erda |
||
| 041 | _aspa | ||
| 082 | 0 | 4 |
_aC _bQUIc2 |
| 100 | 1 |
_aQuiroga, Horacio, _eautor _94855 |
|
| 245 | 1 | 0 |
_aCuentos de la selva / _cHoracio Quiroga; ilustrado por Esperanza Vallejo |
| 260 |
_aMadrid : _bAnaya, |
||
| 300 |
_a186 páginas; _bIlustraciones a color _c20 cm |
||
| 490 | 0 | _aColección juvenil | |
| 500 | _aContiene biografia del autor | ||
| 505 | _aLa tortuga gigante -- Las medias de los flamencos -- El loro pelado -- La guerra de los yacarés -- La gama ciega -- Historia de dos cachorros de coatí y de dos cachorros de hombre -- El paso del Yabebirí -- La abeja haragana -- Anaconda | ||
| 520 | _aLa selva es el escenario y personaje omnipresente de estos cuentos. La selva tropical, con su violencia natural incontenible, frente al hombre, aliado a veces, destructor las más, de esa naturaleza salvaje. | ||
| 521 | _aInfantil | ||
| 650 |
_aCuentos infantiles _94856 _zUruguay |
||
| 650 |
_aSelva _vCuentos _943123 |
||
| 650 |
_aAnimales _vCuentos _940589 |
||
| 700 |
_aVallejo, esperanza _eilustrador _94858 |
||
| 942 |
_2ddc _cBK |
||
| 999 |
_c30487 _d16871 |
||